[Event "56th TCh-BUL"]
[Site "Sunny Beach BUL"]
[Date "2006.10.06"]
[Round "2"]
[White "Todorov,Ml"]
[Black "Radulov,I"]
[Result "0-1"]
[WhiteElo "2194"]
[BlackElo "2327"]

1.d4 d6 2.e4 g6 3.Nc3 Bg7 4.Nf3 c6 5.Be3 b5 6.Bd3 Nf6 7.Qd2 Ng4 8.Bg5 h6
9.Bh4 g5 10.Bg3 Nf6 11.h3 Nbd7 12.e5 Nh5 13.Bh2 dxe5 14.dxe5 Nc5 15.O-O-O Nxd3+
16.cxd3 b4 17.Ne2 Qa5 18.Kb1 Be6 19.Nc1 O-O 20.Nd4 Bd5 21.Nf5 Bxg2 22.Rhg1 Bxh3
23.Nxh6+ Bxh6 24.Rxg5+ Ng7 25.Rdg1 Bf5 26.e6 Bxg5 27.Qxg5 Bxd3+ 28.Nxd3 Qxg5
29.Rxg5 Kh7 30.exf7 Rxf7 31.Be5 Ne6 32.Rg3 Rd8 33.f4 c5 34.b3 Rf5 35.Kc2 Rh5
36.Rg2 Nd4+ 37.Kb2 Nf3 38.Nxc5 Nxe5 39.fxe5 Rxe5 40.Rc2 Rd6 41.a3 a5 42.axb4 axb4
43.Na4 Red5  0-1

[Event "7th Veselin Boskovic Mem Op"]
[Site "Beograd SRB"]
[Date "2006.10.07"]
[Round "6"]
[White "Bojkovic,N"]
[Black "Milanovic,Da"]
[Result "1/2-1/2"]
[WhiteElo "2383"]
[BlackElo "2477"]

1.e4 d6 2.d4 g6 3.Nc3 Bg7 4.Be3 a6 5.Nf3 b5 6.Bd3 Bb7 7.a4 b4 8.Ne2 Nf6 9.Ng3 Nbd7
10.a5 h5 11.h4 c5 12.c3 Qc7 13.cxb4 Ng4 14.Bg5 cxd4 15.Rc1 Qd8 16.Ne2 Nge5
17.Nexd4 Nxd3+ 18.Qxd3 Ne5 19.Qe2 Nxf3+ 20.Nxf3 O-O 21.O-O Qd7 22.Rc2 Rfc8
23.Rfc1 Kf8 24.Qe3 Bh8 25.Bh6+ Kg8 26.Bg5 Kf8 27.Bh6+ Ke8 28.b3 Rxc2 29.Rxc2 Rc8
30.Rc4 Qb5 31.Qa7 Ra8 32.Qe3 Rc8 33.Qa7 Ra8 34.Qe3 Rc8  1/2-1/2

[Event "FSIM October"]
[Site "Budapest HUN"]
[Date "2006.10.07"]
[Round "1"]
[White "Brustkern,J"]
[Black "Schneider,Ve"]
[Result "1/2-1/2"]
[WhiteElo "2207"]
[BlackElo "2195"]

1.e4 g6 2.d4 Bg7 3.Nc3 d6 4.Be3 a6 5.Qd2 b5 6.Bd3 Nd7 7.a4 b4 8.Nce2 c5 9.c3 Rb8
10.Nf3 Ngf6 11.Bh6 bxc3 12.bxc3 Bxh6 13.Qxh6 cxd4 14.cxd4 Bb7 15.O-O Nxe4
16.Qg7 Rf8 17.Bxe4 Bxe4 18.Ng5 Nf6 19.Rfe1 Qa5 20.h4 Kd7 21.Nf4 Qf5 22.g3 Bd5
23.Nxd5 Nxd5 24.Rac1 Qf6 25.Qxh7 Rb2 26.Ne4 Qf3 27.Qh6 Rfb8 28.Qg5 e6 29.Nd2 Qf5
30.Qxf5 exf5 31.Nc4 R2b4 32.Re2 Rxa4 33.Rec2 f4 34.gxf4 Nxf4 35.Kh2 Rb3 36.Ne3 Rb7
37.d5 Nd3 38.Rd1 Nc5 39.Nc4 Rab4 40.Rd4 R7b5 41.Rf4 f5 42.h5 Nd3 43.Rd4 Ne5
44.Nxe5+ dxe5 45.Rxb4 Rxb4 46.hxg6 Rh4+ 47.Kg3 Rg4+ 48.Kf3 Rxg6 49.Rc5 Rb6
50.Ra5 Kc7 51.Rc5+ Kd7 52.Ra5 Kd6 53.Kg2 e4 54.Kg3 Rb3+ 55.Kg2 Rb5 56.Rxa6+ Kxd5
57.Ra4 Ke5 58.Rc4 Kf4 59.Rc1 Rb2 60.Rc4 Re2 61.Ra4 Kg4 62.Kf1 Kf3 63.Ra3+ e3
64.fxe3 Rxe3 65.Ra5 f4 66.Ra2 Rb3 67.Rf2+ Kg3 68.Rg2+ Kf3 69.Rf2+ Ke4 70.Re2+ Re3
71.Ra2 Kf3 72.Rf2+ Kg4 73.Rg2+ Rg3 74.Ra2 Kh3 75.Rb2 f3 76.Rb8 Kh2 77.Rh8+ Rh3
78.Rxh3+ Kxh3 79.Kf2 Kg4 80.Kf1 Kg3 81.Kg1  1/2-1/2

[Event "Open"]
[Site "Winterthur SUI"]
[Date "2006.10.08"]
[Round "3"]
[White "Glauser,H"]
[Black "Zozulia,A"]
[Result "1/2-1/2"]
[WhiteElo "2199"]
[BlackElo "2363"]

1.e4 g6 2.d4 Bg7 3.Nc3 d6 4.Be3 a6 5.Qd2 Nd7 6.f3 Ngf6 7.Nh3 O-O 8.Bh6 c5
9.dxc5 Nxc5 10.Bxg7 Kxg7 11.Nf4 b5 12.O-O-O Bb7 13.h4 h5 14.Nfd5 Bxd5 15.Nxd5 Nxd5
16.exd5 Rc8 17.g4 hxg4 18.fxg4 Nd7 19.h5 Rh8 20.Bh3 Ne5 21.hxg6 fxg6 22.g5 Rc4
23.Be6 Rhh4 24.Qf2 Qh8 25.Qa7 Qf8 26.Kb1 Rxh1 27.Rxh1 Rf4 28.b3 b4 29.Qxa6 Nf3
30.a3 Nxg5 31.axb4 Rxb4 32.Rf1 Rf4 33.Qa1+ Rf6 34.Qd4 Qb8 35.Rxf6 exf6 36.Kb2 Nf3
37.Qa4 Ne5 38.Qd4  1/2-1/2

[Event "I Patrimonio de la Humanidad Open"]
[Site "Alcala de Henares ESP"]
[Date "2006.10.09"]
[Round "3"]
[White "Neelotpal,D"]
[Black "Bermejo Collado,J"]
[Result "1/2-1/2"]
[WhiteElo "2490"]
[BlackElo "2313"]

1.e4 d6 2.Nc3 g6 3.d4 Bg7 4.Be3 a6 5.Nf3 Nd7 6.Bd3 b5 7.Qd2 Bb7 8.a4 b4 9.Ne2 c5
10.Ng3 Qc7 11.O-O Ngf6 12.Bh6 Bxh6 13.Qxh6 cxd4 14.Nxd4 Ne5 15.h3 Nc6 16.Nxc6 Bxc6
17.a5 Qa7 18.Rfe1 Qd4 19.b3 Rg8 20.Qg5 Nd7 21.Nf5 Qf6 22.Qg3 Kf8 23.Nh6 Rg7
24.Qe3 Qe5 25.Ng4 Qc5 26.Qe2 Bb7 27.Qd2 Rb8 28.Ne3 Ne5 29.f4 Nc6 30.Kh1 e6
31.Red1 Rg8 32.Bc4 Ke7 33.c3 Rgd8 34.cxb4 Qxb4 35.Qf2 Qc3 36.Rac1 Qxa5 37.Qh4+ Kf8
38.Qxh7 Qh5 39.Qxh5 gxh5 40.Bxa6 Bxa6 41.Rxc6 Rxb3 42.Rxa6 Rxe3 43.Raxd6 Rxd6
44.Rxd6 Rxe4 45.g3  1/2-1/2

[Event "22nd ECU Club Cup"]
[Site "Feugen AUT"]
[Date "2006.10.09"]
[Round "2"]
[White "Zhang Pengxiang"]
[Black "Thiede,L"]
[Result "1/2-1/2"]
[WhiteElo "2636"]
[BlackElo "2504"]

1.e4 g6 2.d4 Bg7 3.Nc3 d6 4.Be3 Nd7 5.f4 a6 6.Nf3 b5 7.Bd3 c5 8.e5 Bb7 9.Be4 Bxe4
10.Nxe4 Nh6 11.dxc5 Ng4 12.Qd3 dxe5 13.O-O-O Qc7 14.Bg1 Rc8 15.Neg5 Nh6 16.g4 exf4
17.h3 Nb8 18.Rh2 O-O 19.Rhd2 Nc6 20.Qe4 Qa5 21.Kb1 Qb4 22.Nd4 Nxd4 23.Bxd4 Bxd4
24.Rxd4 Qxc5 25.Nf3 Rfe8 26.Re1 e5 27.Rd5 Qc4 28.Qxc4 Rxc4 29.Rdxe5 Rxe5
30.Nxe5 Rc7 31.Nf3 Kg7 32.a4 f6 33.axb5 axb5 34.Nd4 Rd7 35.Nxb5 g5 36.c4 Nf7
37.Kc2 Ne5 38.b3 Kg6 39.Nc3 h5 40.gxh5+ Kxh5 41.Nd5 Kg6 42.Ra1 Nc6 43.Ra8 Ne7
44.Nxe7+ Rxe7 45.b4 f5 46.Rg8+ Kf6 47.Rf8+ Ke5 48.Kd3 Rd7+ 49.Ke2 Ra7 50.b5 Ra2+
51.Kf3 Ra3+ 52.Kf2 g4 53.hxg4 fxg4 54.b6 Ra2+ 55.Kf1 Rb2 56.c5 Rb1+ 57.Ke2 f3+
58.Kf2 Kd5  1/2-1/2

[Event "56th TCh-BUL"]
[Site "Sunny Beach BUL"]
[Date "2006.10.09"]
[Round "5"]
[White "Bratanov,Z"]
[Black "Mishev,L"]
[Result "1-0"]
[WhiteElo "2420"]
[BlackElo "2251"]

1.d4 g6 2.e4 Bg7 3.Nc3 d6 4.Be2 Nc6 5.Nf3 Nf6 6.d5 Nb8 7.Bg5 Nbd7 8.O-O h6
9.Be3 O-O 10.a4 a5 11.Nd4 Nc5 12.f3 e6 13.dxe6 fxe6 14.e5 dxe5 15.Nc6 Qxd1
16.Rfxd1 Ncd7 17.Na7 c6 18.Rd6 Re8 19.Rad1 Nf8 20.Ne4 Nd5 21.Bf2 b6 22.Nxc6 Bb7
23.Bb5 Rac8 24.c4 Nf4 25.Bxb6 Bxc6 26.Bxc6 Re7 27.R1d2 Nh7 28.Bxa5 Bf8 29.Bb5 Ra7
30.Bb6 Bxd6 31.Nxd6 Rca8 32.Bxa7 Rxa7 33.Ne4 Nf8 34.b4 g5 35.a5 N4g6 36.g3 Ne7
37.g4 Rc7 38.Rd6 Kf7 39.a6 Nc8 40.Rc6 Rxc6 41.Bxc6 Na7 42.Ba4 Ke7 43.c5 Nd7
44.b5 Nc8 45.b6 Nxc5 46.b7  1-0

[Event "7th Veselin Boskovic Mem Op"]
[Site "Beograd SRB"]
[Date "2006.10.10"]
[Round "8"]
[White "Masic,P"]
[Black "Vasiljevic,D"]
[Result "1/2-1/2"]
[WhiteElo "2370"]
[BlackElo "2292"]

1.e4 d6 2.d4 g6 3.Nc3 Bg7 4.Be3 Nd7 5.Nf3 a6 6.a4 b6 7.Bc4 e6 8.Bg5 Ne7 9.O-O h6
10.Be3 O-O 11.Qe2 Bb7 12.Bb3 Nf6 13.Nd2 d5 14.e5 Nd7 15.f4 c5 16.Nf3 Nf5
17.Bf2 cxd4 18.Nxd4 Nc5 19.a5 Nxb3 20.Nxb3 bxa5 21.Nxa5 Qc7 22.Ra3 h5 23.Rfa1 Rfb8
24.Nxb7 Rxb7 25.R1a2 a5 26.Nb5 Qd7 27.Nd4 Bf8 28.Rd3 Nxd4 29.Bxd4 Rb4 30.c3 Rb3
31.Rd2 a4  1/2-1/2

[Event "FSIM October"]
[Site "Budapest HUN"]
[Date "2006.10.10"]
[Round "4"]
[White "Revesz,Z"]
[Black "Brustkern,J"]
[Result "0-1"]
[WhiteElo "2212"]
[BlackElo "2207"]

1.e4 g6 2.d4 Bg7 3.Nc3 d6 4.Be3 a6 5.a4 b6 6.Bc4 Bb7 7.f3 e6 8.Qd2 Ne7 9.Nge2 d5
10.Bb3 Nd7 11.Bg5 dxe4 12.fxe4 h6 13.Be3 Nf6 14.Ng3 Ng4 15.Bg1 h5 16.h3 Nf6
17.Qd3 Nd7 18.Nge2 c5 19.a5 O-O 20.axb6 cxd4 21.Bxd4 Bxd4 22.Qxd4 Nc6 23.Qe3 Qxb6
24.Qh6 Nce5 25.O-O-O Nc5 26.g4 h4 27.Nd4 Rfd8 28.Qg5 Rxd4 29.Qxe5 Rad8 30.Rdf1 Bxe4
31.Rxf7 Nxb3+ 32.cxb3 Kxf7 33.Rf1+ Bf5 34.gxf5 exf5 35.Re1 Qxb3 36.Qe7+ Kg8
37.Qf6 R4d6 38.Qg5 Rc8 39.Qe3 Rcd8 40.Rg1 Qf7 41.Qh6 Qf6 42.Nd5 Qg7 43.Rxg6 Rxg6
44.Ne7+ Kf7  0-1

[Event "22nd ECU Club Cup"]
[Site "Feugen AUT"]
[Date "2006.10.10"]
[Round "3"]
[White "Sahl,Bj"]
[Black "Polzin,R"]
[Result "1/2-1/2"]
[WhiteElo "2389"]
[BlackElo "2480"]

1.e4 g6 2.d4 Bg7 3.Nc3 d6 4.Be3 a6 5.Qd2 Nd7 6.f3 b5 7.a4 b4 8.Na2 c5 9.c3 bxc3
10.bxc3 Qa5 11.Bd3 Ngf6 12.Ne2 O-O 13.O-O Rb8 14.Nac1 Bb7 15.Qa2 Rfc8 16.Nb3 Qd8
17.Nd2 cxd4 18.cxd4 e5 19.d5 Nc5 20.Bc4 Qa5 21.Rfc1 Nfd7 22.Nc3 Ba8 23.Qa3 Rb4
24.Bf1 Rcb8 25.Rcb1 Rxb1 26.Rxb1 Rxb1 27.Ndxb1 Qb6 28.Nd2 Bf8 29.a5 Qc7 30.Qb4 Be7
31.Nc4 Bb7 32.Na4 Nxa4 33.Qxa4 Kg7 34.Nb6 Nxb6 35.axb6 Qc3 36.Bf2 Qc8 37.Qc4 Qxc4
38.Bxc4 Kf8 39.Bb3 Ke8 40.Ba4+ Kd8 41.Be3 f6 42.Kf2 Kc8 43.Ke1 f5 44.g3 g5
45.Kd2 h5 46.Be8 h4 47.gxh4 gxh4 48.Kc3 f4 49.Bf2 Kb8 50.Ba4 Bc8 51.Bd1 Bd7
52.Be2 Bb5 53.Bxb5 axb5 54.h3 Kb7 55.Kb4 Ka6 56.b7 Kxb7 57.Kxb5 Bd8 58.Be1 Bf6
59.Ba5 Bg5 60.Bb6  1/2-1/2

[Event "22nd ECU Club Cup"]
[Site "Feugen AUT"]
[Date "2006.10.11"]
[Round "4"]
[White "Riff,JN"]
[Black "Thiede,L"]
[Result "1-0"]
[WhiteElo "2445"]
[BlackElo "2504"]

1.e4 g6 2.d4 Bg7 3.Nc3 d6 4.Nf3 Nf6 5.Be3 O-O 6.Qd2 a6 7.Bd3 Nc6 8.h3 e5
9.dxe5 dxe5 10.Rd1 Qe7 11.O-O Rd8 12.Bg5 Be6 13.Qe3 Qf8 14.Be2 Rac8 15.a3 h6
16.Bh4 Rxd1 17.Rxd1 Nh5 18.Nd5 g5 19.Bxg5 hxg5 20.Nxg5 Nf6 21.Nxf6+ Bxf6
22.Nxe6 fxe6 23.Bg4 Re8 24.Qb3 Nd8 25.Rd3 Qe7 26.c3 Rf8 27.Bh5 Kh8 28.Qd1 Bh4
29.g3 Bg5 30.Rd7 Qf6 31.Qe2 c6 32.Kg2 Bc1 33.Bg4 Rf7 34.Rd1 Bh6 35.f3 Bf8
36.Qd2 Be7 37.h4 Rf8 38.Qd7 Bc5 39.Qc7 Nf7 40.Rd7 Kg8 41.Qxb7 Nd8 42.Qxa6 Rf7
43.Rd1 Kh7 44.Qc4 Ba7 45.b4 Qe7 46.Qd3 Nb7 47.Qa6 Nd8 48.Qc8 Bb6 49.a4 Qa7
50.a5 Bc7 51.Rd3 Kg7 52.Bxe6 Nxe6 53.Qxe6 Qb7 54.h5 Kf8 55.h6 Qa6 56.c4 Qb7
57.Rd7 Rxd7 58.Qxd7  1-0

[Event "22nd ECU Club Cup"]
[Site "Feugen AUT"]
[Date "2006.10.11"]
[Round "4"]
[White "Bucinskas,V"]
[Black "Shengelia,D"]
[Result "1/2-1/2"]
[WhiteElo "2336"]
[BlackElo "2504"]

1.e4 g6 2.d4 Bg7 3.Nc3 d6 4.f4 c6 5.Nf3 Bg4 6.Be3 e6 7.Be2 Ne7 8.O-O d5 9.e5 h5
10.Bd3 Nf5 11.Bf2 Bh6 12.Bxf5 Bxf5 13.Qd2 Nd7 14.a4 a6 15.a5 Qc7 16.Na4 f6
17.Be3 O-O 18.b4 Rf7 19.Nc5 Nxc5 20.bxc5 Be4 21.exf6 Bxf3 22.Rxf3 Rxf6 23.h4 Raf8
24.Raf1 Rf5 25.R3f2 Bg7 26.g3 Bf6 27.Kg2 Bd8 28.Ra1 R5f7 29.Re2 Qe7 30.Qd3 Qf6
31.Bd2 Re7 32.Rae1 Rfe8 33.Kh3 Qf5+ 34.Qxf5 exf5 35.Rxe7 Bxe7 36.Kg2 Kf7
37.Kf3 Rd8  1/2-1/2

[Event "WJun"]
[Site "Yerevan ARM"]
[Date "2006.10.11"]
[Round "8"]
[White "Kim,Alex"]
[Black "Shoker,S"]
[Result "1-0"]
[WhiteElo "2428"]
[BlackElo "2398"]

1.e4 g6 2.d4 Bg7 3.Nc3 d6 4.Nf3 a6 5.a4 b6 6.Bc4 Bb7 7.Qe2 e6 8.O-O Nd7 9.Bg5 Ne7
10.Rad1 h6 11.Bc1 O-O 12.Bf4 g5 13.Bxg5 hxg5 14.Nxg5 Ng6 15.f4 b5 16.axb5 axb5
17.Bxb5 c6 18.Bc4 d5 19.Bb3 Ba6 20.Qh5 Nf6 21.Qh3 Bxf1 22.Rxf1 dxe4 23.Ncxe4 Qxd4+
24.Kh1 Rfb8 25.Bxe6 Nxe4 26.Bxf7+ Kf8 27.Qf3 Nxg5 28.fxg5 Ne5 29.Qf5 Ke7
30.Qe6+ Kd8 31.Bh5 Qd7 32.Rd1 Ra1 33.Qxd7+ Nxd7 34.Rxa1 Rxb2 35.Rd1 Ke7 36.Bg6 Ne5
37.Bf5 Nf7 38.h4 Be5 39.g4 Nd6 40.Re1 Rb5 41.Bd3 Ra5 42.Kg2 Ke6 43.h5 Ra4
44.Kh3 Rf4 45.Re2 Kd5 46.h6 Nf7 47.Kh4 c5 48.Kh5 c4 49.Bh7 Kd4 50.Bg8 c3
51.Bxf7 Rxf7 52.g6  1-0

[Event "WJun"]
[Site "Yerevan ARM"]
[Date "2006.10.12"]
[Round "9"]
[White "Sangma,R"]
[Black "Gorovets,A"]
[Result "1/2-1/2"]
[WhiteElo "2301"]
[BlackElo "2368"]

1.e4 g6 2.d4 Bg7 3.Nc3 d6 4.Be3 a6 5.a4 b6 6.Qd2 Bb7 7.f3 Nd7 8.h4 c5 9.h5 Ngf6
10.dxc5 bxc5 11.g4 Rg8 12.Nh3 Ne5 13.Be2 Qb6 14.a5 Qd8 15.hxg6 hxg6 16.Nf4 Rb8
17.Kf2 Bxe4 18.fxe4 Nfxg4+ 19.Kg3 Nxe3 20.Qxe3 e6 21.Ng2 Rxb2 22.Bxa6 Nc6
23.Bb5 Be5+ 24.Kg4 Qc7 25.Ra2 Bxc3 26.Rxb2 Bxb2 27.Qb3 Ke7 28.Qxb2 Ne5+ 29.Kg3 d5
30.Kf2 Ng4+ 31.Kf3 Nh2+ 32.Kf2 dxe4 33.Be2 e3+ 34.Kg1 Rb8 35.Qc1 Qg3 36.Rxh2 Qf2+
37.Kh1 Qxe2 38.Nxe3 Qf3+ 39.Kg1 Rb4 40.Rf2 Qg3+ 41.Rg2 Qe5 42.Qd2 Rb1+ 43.Nf1 Ra1
44.Qg5+ Qxg5 45.Rxg5 Rxa5 46.Kf2 Kf6 47.Rg3 Ra8 48.Nd2 Ke5 49.Rg5+ f5 50.Rxg6 Ra2
51.Nf3+ Kd5 52.Ne1 e5 53.Rf6 Ke4 54.Rd6 c4 55.Rd2 Ra3 56.Re2+ Kd5 57.Rd2+ Ke6
58.Ke2 Rh3 59.Nf3 Rh8 60.Kf2 e4 61.Re2 Kd5 62.Rd2+ Ke6 63.Re2 Kd5 64.Nd2 Rh2+
65.Kf1 Rh1+ 66.Kf2 Rc1 67.Kg3 Rxc2 68.Nxe4  1/2-1/2

[Event "22nd ECU Club Cup"]
[Site "Feugen AUT"]
[Date "2006.10.13"]
[Round "6"]
[White "Kristjansson,St"]
[Black "Thiede,L"]
[Result "1/2-1/2"]
[WhiteElo "2482"]
[BlackElo "2504"]

1.e4 g6 2.d4 Bg7 3.Nc3 d6 4.Be3 a6 5.a4 Nf6 6.h3 O-O 7.g4 c5 8.dxc5 Qa5 9.Bg2 dxc5
10.Ne2 Nc6 11.O-O Rd8 12.Nd5 e6 13.Bd2 Nb4 14.Nxb4 cxb4 15.Bxb4 Qc7 16.Qc1 Bd7
17.Bc3 Rac8 18.Qf4 Qxf4 19.Nxf4 Bc6 20.Rfe1 Nd7 21.Bxg7 Kxg7 22.Nd3 Nb6 23.b3 Be8
24.a5 Na8 25.Nb4 Rd4 26.c4 e5 27.Rad1 Rcd8 28.Rxd4 Rxd4 29.Nd5 Bc6 30.Rc1 Kf8
31.b4 Ke8 32.b5 axb5 33.cxb5 Bxd5 34.exd5 Kd7 35.d6 e4 36.g5 Ra4 37.a6 bxa6
38.bxa6 Kxd6 39.Re1 Ke5 40.f3 Nc7 41.a7 f5 42.gxf6 Kxf6 43.Rxe4 Rxa7 44.h4 Ra1+
45.Kf2 Ra2+ 46.Kg3 Nd5 47.Bf1 Ne7 48.Bh3 Ra6 49.Rd4 Rb6 50.Bg4 h5 51.Bh3 Ng8
52.Rf4+ Kg7 53.Rd4 Nh6 54.Rd7+ Kf6 55.Rd4 Nf7 56.Rf4+ Kg7 57.Re4 Rd6 58.Rf4 Ne5
59.Re4 Nc6 60.Re6 Rxe6 61.Bxe6 Nd4 62.Bd7 Kf6 63.Be8 Nf5+ 64.Kh3 Ng7 65.Ba4 Ke5
66.Bb3 Nf5 67.Bf7 Kf6 68.Ba2 Nd4 69.Kg3 Ne2+ 70.Kf2 Nf4 71.Kg3 g5 72.hxg5+ Kxg5
73.Bc4 h4+ 74.Kh2 Kf6 75.Ba6 Ke5 76.Bc8 Kd4 77.Bd7 Ke3 78.Bc6 Kf2 79.Bb7 Kf1
80.Bc6 Kf2 81.Bb7 Ke2  1/2-1/2

[Event "WJun"]
[Site "Yerevan ARM"]
[Date "2006.10.13"]
[Round "10"]
[White "Mareco,S"]
[Black "Shoker,S"]
[Result "1-0"]
[WhiteElo "2335"]
[BlackElo "2398"]

1.e4 g6 2.d4 Bg7 3.Nc3 d6 4.Be3 a6 5.Qd2 Nd7 6.h4 h5 7.f3 b5 8.a4 b4 9.Nd1 a5
10.Nh3 Ngf6 11.c3 c5 12.Bd3 O-O 13.O-O Ba6 14.Bxa6 Rxa6 15.Ndf2 Qb8 16.Bh6 Rb6
17.Bxg7 Kxg7 18.Qg5 bxc3 19.bxc3 Rb3 20.Rac1 Ra3 21.f4 cxd4 22.cxd4 Rxa4
23.f5 Rxd4 24.fxg6 Ne5 25.gxf7+ Kxf7 26.Qf5 Re8 27.Rc3 Rb4 28.Nd3 Qb6+ 29.Kh1 Nxd3
30.Qh7+ Ke6 31.Qf5+ Kf7 32.Qxh5+ Kg7 33.Rxf6 Kxf6 34.Qf5+ Kg7 35.Rxd3 Rb1+
36.Kh2 Rh1+ 37.Kxh1 Qb1+ 38.Kh2 Qxd3 39.Ng5 Qc4 40.Ne6+ Kh8 41.Qh5+  1-0

[Event "TCh-NED 2006-7"]
[Site "Netherlands NED"]
[Date "2006.10.14"]
[Round "2"]
[White "Sievers,S"]
[Black "Pel,B"]
[Result "1-0"]
[WhiteElo "2376"]
[BlackElo "2301"]

1.e4 g6 2.d4 d6 3.Nc3 Bg7 4.f4 a6 5.Nf3 b5 6.Bd3 Nd7 7.Be3 Bb7 8.Qe2 c5 9.dxc5 Nxc5
10.Bxc5 Bxc3+ 11.bxc3 dxc5 12.e5 Nh6 13.a4 bxa4 14.O-O O-O 15.Rxa4 Qb6 16.Kh1 f6
17.e6 Bd5 18.Bxg6 Qc6 19.Be4 Qxa4 20.Bxd5 Rab8 21.Nh4 f5 22.c4 Qa3 23.h3 Qg3
24.Qh5 Rf6 25.Qg5+ Qxg5 26.fxg5 Rff8 27.gxh6 f4 28.Kg1 Rb6 29.Re1 Rf6 30.Re5 a5
31.Re1 Kf8 32.Ra1 Rxh6 33.Nf3 Ra6 34.Ra4 Rh5 35.Kf2 Ke8 36.Ke2 Kd8 37.Kd3 Kc7
38.Ke4 Kd6 39.Kxf4 Ra7 40.Ng5 Kc7 41.Kg4 Rh6 42.Be4 Kb6 43.Bf5 Ra8 44.Nxh7 Rh8
45.h4 R6xh7 46.Bxh7 Rxh7 47.h5 Kc6 48.Kh4 Kd6 49.Rxa5 Rh8 50.g4 Rc8 51.Ra6+ Ke5
52.h6 Kf6 53.Kh5 Rd8 54.g5+ Kf5 55.Ra1 Rd2 56.Rf1+ Kxe6 57.h7  1-0

[Event "Open"]
[Site "Winterthur SUI"]
[Date "2006.10.14"]
[Round "9"]
[White "Ganor,D"]
[Black "Zozulia,A"]
[Result "1/2-1/2"]
[WhiteElo "2339"]
[BlackElo "2363"]

1.e4 g6 2.d4 Bg7 3.Nc3 d6 4.g3 Nf6 5.Bg2 O-O 6.Nge2 c6 7.O-O e5 8.a4 a5 9.h3 Na6
10.Be3 Qc7 11.Qd2 Re8 12.Rad1 Bd7 13.f4 Rad8  1/2-1/2

[Event "WJun"]
[Site "Yerevan ARM"]
[Date "2006.10.15"]
[Round "12"]
[White "Kim,Alex"]
[Black "Howell,D"]
[Result "1/2-1/2"]
[WhiteElo "2428"]
[BlackElo "2471"]

1.e4 g6 2.d4 Bg7 3.Nc3 d6 4.Nf3 a6 5.a4 b6 6.Bc4 e6 7.Bf4 Bb7 8.Qe2 Ne7 9.Bb3 Nd7
10.Rd1 h6 11.h4 Nf6 12.Bh2 O-O 13.e5 dxe5 14.dxe5 Nd7 15.Ne4 Bxe4 16.Qxe4 Qe8
17.O-O Nc5 18.Qc4 Nxb3 19.Qxb3 b5 20.axb5 axb5 21.Nd4 Rb8 22.Ra1 Qd7 23.Rfd1 Rfd8
24.c3 Nd5 25.Ra6 Ne7 26.Bf4 Qc8 27.Rda1 Rd5 28.Nf3 Qd7 29.Qc2 Nc6 30.Qe2 Kh7
31.b3 Rd8 32.Kh2 Rd3 33.Rc1 Rd5 34.Qe4 Nb8 35.Ra8 Nc6 36.Rxd8 Nxd8 37.h5 Nc6
38.g4 Ne7 39.Kg2 Rd1 40.c4 Rxc1 41.Bxc1 bxc4 42.bxc4 Qc6 43.Qxc6 Nxc6 44.Bb2 Nb4
45.Ne1 Nc6 46.Nd3 Na5 47.c5 gxh5 48.gxh5 Kg8 49.Bc3 Nc6 50.Kf3 Kf8 51.Ke4 Ke8
52.Bd2 Kd7 53.Be3 Kc8 54.f4 Ne7 55.Bf2 Kb7 56.Nb4 Bf8 57.Nc2 Nf5 58.Nb4 Ng7
59.c6+ Kc8 60.Nd3 Be7 61.Be1 Nxh5 62.f5 exf5+ 63.Kxf5 Ng7+ 64.Ke4 Ne6 65.Nf4 Nd8
66.Kd5 Bg5 67.e6 Kb8 68.Bg3 fxe6+ 69.Nxe6 Nxe6 70.Kxe6 Be3  1/2-1/2

[Event "TCh-BEL 2006-7"]
[Site "Belgium BEL"]
[Date "2006.10.22"]
[Round "2"]
[White "Dal Borgo,A"]
[Black "Verduyn,F"]
[Result "1/2-1/2"]
[WhiteElo "2134"]
[BlackElo "2282"]

1.d4 d6 2.e4 g6 3.Nc3 Bg7 4.Nf3 a6 5.Be3 Nd7 6.Bc4 e6 7.a4 b6 8.O-O Bb7 9.Ng5 h6
10.Nh3 Ngf6 11.f3 O-O 12.Nf2 d5 13.Bd3 e5 14.dxe5 Nxe5 15.Be2 c5 16.exd5 Nxd5
17.Nxd5 Qxd5 18.Qxd5 Bxd5 19.a5 Rfe8 20.axb6 Nd7 21.Nd1 Bb7 22.Kf2 Re6 23.Re1 Rxb6
24.Ra2 Re8 25.Bf1 g5 26.Bd3 Ne5 27.Bxc5 Rbe6 28.Ne3 Nd7 29.Bb4 Bd4 30.Bd2 Nf6
31.Bc4 Bd5 32.b3 Bxc4 33.bxc4 Nd7 34.Ra3 Bc5 35.Rb3 a5 36.Kf1 a4 37.Rd3 Nb6
38.Nf5 a3 39.Rxe6 Rxe6 40.Bc3 f6 41.Nxh6+ Kh7 42.Nf5 a2 43.Rd1 Nxc4 44.Ra1 Ra6
45.Ke2 Kg6 46.g4 Ra3 47.Bd4 Bb4 48.c3 Ba5 49.Kd3 Ne5+ 50.Bxe5 fxe5 51.Ne7+ Kf7
52.Nd5 Ke6 53.Kc4 Kd6 54.Nb4 Bxb4 55.Kxb4 Ra8 56.Kb3 Rf8 57.Rxa2 Rxf3 58.Rg2  1/2-1/2

[Event "14th Chigorin Mem"]
[Site "St-Petersburg RUS"]
[Date "2006.10.24"]
[Round "2"]
[White "Kuzin,A"]
[Black "Maslak,K"]
[Result "1-0"]
[WhiteElo "2465"]
[BlackElo "2558"]

1.e4 g6 2.d4 Bg7 3.Nc3 d6 4.f4 Nf6 5.Nf3 c5 6.dxc5 Qa5 7.Bd3 Qxc5 8.Qe2 Bg4
9.Be3 Qa5 10.O-O O-O 11.h3 Bxf3 12.Qxf3 Nc6 13.a3 Nd7 14.Rab1 Rac8 15.b4 Qd8
16.Ne2 a6 17.Qf2 e6 18.Rfd1 Qe7 19.c4 Rfd8 20.Bc1 Rc7 21.Bb2 Nf6 22.Rd2 Rcd7
23.Rbd1 d5 24.cxd5 exd5 25.e5 Ne8 26.Nd4 Nxd4 27.Bxd4 f6 28.Re2 fxe5 29.Bxe5 Nf6
30.Bc7 Rxc7 31.Rxe7 Rxe7 32.Qc5 Red7 33.Re1 Bf8 34.Qb6 Bd6 35.f5 Kg7 36.Qd4 Re7
37.Rxe7+ Bxe7 38.g4 g5 39.Qe3 Ng8 40.Qe5+ Kf7 41.a4 Rd6 42.h4 h6 43.f6 Nxf6
44.Bg6+ Kf8 45.hxg5 hxg5 46.Qxg5 Ng8 47.Qf5+ Rf6 48.Qc8+ Kg7 49.Bf5 Bxb4
50.Qxb7+ Be7 51.Qxd5 Rd6 52.Qe5+ Kf8 53.Be6 Rd1+ 54.Kg2 Bf6 55.Qh5 Rd2+ 56.Kf1 Ke7
57.Qf7+ Kd6 58.Qd7+  1-0

[Event "10th Essent Open"]
[Site "Hoogeveen NED"]
[Date "2006.10.25"]
[Round "6"]
[White "Ris,R"]
[Black "Archangelsky,M"]
[Result "1-0"]
[WhiteElo "2367"]
[BlackElo "2270"]

1.d4 g6 2.e4 Bg7 3.Nc3 d6 4.f4 a6 5.Nf3 b5 6.Bd3 Nd7 7.e5 e6 8.Qe2 d5 9.Be3 Bb7
10.O-O Rc8 11.b4 Bf8 12.Rab1 Nb6 13.g4 Nc4 14.Bf2 h5 15.h3 hxg4 16.hxg4 Nh6
17.Bh4 Be7 18.Bxe7 Qxe7 19.Ng5 Kd7 20.a4 f6 21.exf6 Qxf6 22.Bxc4 bxc4 23.Kg2 Nf7
24.Nxf7 Qxf7 25.Qe5 Rcf8 26.Ne2 Rh4 27.Qg5 Rfh8 28.Rh1 Rxh1 29.Rxh1 Rxh1
30.Kxh1 Bc6 31.Nc3 Qg7 32.Qe5 Qxe5 33.fxe5 g5 34.b5 Bb7 35.bxa6 Bxa6 36.Kg2 c5
37.dxc5 Kc6 38.Ne2 Kxc5 39.c3 Kb6 40.Kf2 Ka5 41.Ke3 Kxa4 42.Nd4 Bc8 43.Nf3 Kb5
44.Nxg5 Bd7 45.Nf3 Kc6 46.Nd4+ Kc7 47.Kf4 Kd8 48.Kg5 Ke7 49.Kh6 Kf8 50.Kh7  1-0

[Event "14th Chigorin Mem"]
[Site "St-Petersburg RUS"]
[Date "2006.10.25"]
[Round "3"]
[White "Brendel,O"]
[Black "Shamugia,S"]
[Result "1-0"]
[WhiteElo "2375"]
[BlackElo "2297"]

1.e4 g6 2.d4 Bg7 3.Nc3 d6 4.f4 a6 5.Nf3 b5 6.Bd3 Bb7 7.O-O Nd7 8.e5 b4 9.Ne4 Nh6
10.Qe1 d5 11.Neg5 e6 12.Qxb4 Rb8 13.Qe1 c5 14.c3 Qb6 15.Kh1 Bc6 16.a4 a5
17.Qf2 c4 18.Bc2 Qd8 19.h3 Nf8 20.g4 Bd7 21.Kg1 Rb6 22.Rb1 Ng8 23.Nd2 h6
24.Ngf3 h5 25.Kg2 hxg4 26.hxg4 Nh6 27.Kg3 Bc6 28.b3 cxb3 29.Nxb3 Bxa4 30.Nc5 Bc6
31.Rxb6 Qxb6 32.Ba3 Nd7 33.Rb1 Qa7 34.Ng5 Bf8 35.Bd3 Nxc5 36.dxc5 Be7 37.Rb6 Qc7
38.Qb2 O-O 39.Nf3 Ba8 40.Rd6 d4 41.cxd4 Bxd6 42.exd6 Qc6 43.Qf2 Rb8 44.Ng5 Rb3
45.Qc2 Rxa3  1-0

[Event "14th Chigorin Mem B"]
[Site "St-Petersburg RUS"]
[Date "2006.10.25"]
[Round "4"]
[White "Malofeev,A"]
[Black "Ivanov,P2"]
[Result "1-0"]
[WhiteElo "2288"]
[BlackElo "2055"]

1.e4 d6 2.d4 g6 3.Nc3 Bg7 4.Nf3 Nd7 5.Bc4 h6 6.e5 Nb6 7.Bb3 e6 8.a4 dxe5
9.Nxe5 Nf6 10.a5 Nbd5 11.a6 Nxc3 12.bxc3 O-O 13.Qf3 c6 14.O-O Nd7 15.Ng4 h5
16.Nh6+ Kh7 17.Nxf7 Qe8 18.axb7 Bxb7 19.Ng5+ Kh8 20.Qe4 Nf6 21.Qxe6 Qxe6
22.Nxe6  1-0

[Event "14th Chigorin Mem B"]
[Site "St-Petersburg RUS"]
[Date "2006.10.26"]
[Round "5"]
[White "Bazhenova,D"]
[Black "Horlova,M"]
[Result "1/2-1/2"]
[WhiteElo "1871"]
[BlackElo "2103"]

1.e4 d6 2.d4 g6 3.Nc3 Bg7 4.Be3 c6 5.Qd2 Qc7 6.f3 e5 7.d5 c5 8.Nb5 Qd8 9.c4 a6
10.Nc3 f5 11.Bd3 Ne7 12.Nge2 O-O 13.Bh6 Nd7 14.Bxg7 Kxg7 15.O-O-O Nf6 16.h3 Bd7
17.g4 f4 18.h4 Rb8 19.Ng1 h6 20.Nh3 Nh7 21.Rdg1 b5 22.h5 g5 23.b3 b4 24.Ne2 a5
25.Qc2 a4 26.Kd2 Ra8 27.Rb1 Ra6 28.Rhc1 Qc7 29.Qd1 Rfa8 30.Rc2 Nf6 31.Nf2 Qa7
32.Rcb2 Nc8 33.Ke1 Nb6 34.Kf1 Qb8 35.Nc1 R8a7 36.Qe1 Qa8 37.Qd1 Ne8 38.Kg2 Kh7
39.Qe1 Ng7 40.Qd1 Qe8 41.Qh1 Qf7 42.Qd1 Be8 43.Qh1 axb3 44.axb3 Qb7 45.Qd1 Qa8
46.Qe1  1/2-1/2

[Event "14th Chigorin Mem"]
[Site "St-Petersburg RUS"]
[Date "2006.10.27"]
[Round "6"]
[White "Airapetian,Ta"]
[Black "Shamugia,S"]
[Result "1-0"]
[WhiteElo "2268"]
[BlackElo "2297"]

1.e4 g6 2.d4 Bg7 3.Nc3 d6 4.f4 Nf6 5.Nf3 O-O 6.Be3 Nbd7 7.Qd2 c5 8.d5 Rb8
9.a4 a6 10.e5 Ng4 11.Bg1 dxe5 12.h3 e4 13.hxg4 exf3 14.gxf3 Re8 15.O-O-O b5
16.Nb1 bxa4 17.c3 a3 18.Nxa3 Qa5 19.Qe3 Rb3 20.Bc4 Rxa3 21.bxa3 Nb6 22.Bb3 Qxa3+
23.Kc2 Na4 24.Qc1 Qxc1+ 25.Rxc1 Nxc3 26.Kd3 Nb5 27.Bxc5 Bb7 28.Rhe1 Bf8 29.Ke2 Rd8
30.Red1 Rd7 31.Bb6 h6 32.Kf2 Bg7 33.Rd3 Bf6 34.f5 gxf5 35.gxf5 Kh7 36.Be3 Nd6
37.Rdd1 Bg5 38.Bc2 Bxe3+ 39.Kxe3 f6 40.Ba4 Rd8 41.Kf4 h5 42.Rc7 Bc8 43.Rxe7+ Kh6
44.Bc2 Rg8 45.Rb1 Rg2 46.Be4 Rg5 47.Rb6 Nxe4 48.fxe4 Rg4+ 49.Kf3  1-0

[Event "Open A"]
[Site "Le Touquet FRA"]
[Date "2006.10.28"]
[Round "1"]
[White "Feryn,A"]
[Black "Warkentin,J"]
[Result "0-1"]
[WhiteElo "1896"]
[BlackElo "2026"]

1.e4 g6 2.d4 Bg7 3.Nc3 d6 4.f4 Nd7 5.Nf3 c5 6.Be3 cxd4 7.Nxd4 Ngf6 8.Be2 O-O
9.Qd2 Nc5 10.Bf3 Ng4 11.Bg1 e5 12.Nde2 exf4 13.Qxf4 Bh6 14.Qg3 Ne3 15.Bxe3 Bxe3
16.Rd1 Be6 17.Rxd6 Qa5 18.Nd4 Rad8 19.Nxe6 Nxe6 20.Rd5 Qb4 21.Rb5 Bd2+ 22.Kf1 Qd4
23.Nd5 Kg7 24.Qf2 b6 25.c3 Qa4 26.Be2 Bg5 27.h4 Qxe4 28.hxg5 Rxd5 29.Qf6+ Kg8
30.Rxd5 Qxd5 31.Rh4 Qxa2 32.Bd3 Qa1+ 33.Kf2 Qxb2+ 34.Kg3 Qd2  0-1